[Event "SWE-chT2 1011"]
[Site "Sweden"]
[Date "2010.10.23"]
[Round "1"]
[White "Soderberg, Per"]
[Black "Engman, Rikard"]
[Result "0-1"]
[WhiteElo "2196"]
[BlackElo "2179"]
[PlyCount "64"]
[EventDate "2010.10.23"]
[EventType "team-tourn"]
[EventRounds "9"]
[EventCountry "SWE"]
[SourceTitle "EXT 2012"]
[Source "ChessBase"]
[SourceDate "2011.11.24"]
[SourceVersion "1"]
[SourceVersionDate "2011.11.24"]
[SourceQuality "1"]
[WhiteTeam "Wasa"]
[BlackTeam "Rockaden Umea"]
[WhiteTeamCountry "SWE"]
[BlackTeamCountry "SWE"]

1. e4 e5 2. Nf3 Nc6 3. c3 Nf6 4. d4 Nxe4 5. d5 Bc5 6. dxc6 Bxf2+ 7. Ke2 Bb6 8.
Qd5 Nf2 9. Bg5 f6 10. Nxe5 Qe7 11. cxd7+ Bxd7 12. Qxd7+ Qxd7 13. Nxd7 Kxd7 14.
Be3 Nxh1 15. Bxb6 axb6 16. Nd2 Ra5 17. g4 h5 18. Bg2 Re5+ 19. Kf1 hxg4 20. Kg1
Re2 21. Nc4 Nf2 22. Kf1 Rhe8 23. Bxb7 Nd3 24. Ba6 Re1+ 25. Rxe1 Rxe1+ 26. Kg2
Nc5 27. Bb5+ c6 28. Nxb6+ Kc7 29. Na4 Nxa4 30. Bxa4 Re2+ 31. Kg3 Rxb2 32. Bb3
Kd6 0-1

[Event "NATO-ch 21st"]
[Site "Koge"]
[Date "2010.10.22"]
[Round "7"]
[White "Murray, Brian"]
[Black "Kacevicius, Dangiras"]
[Result "1-0"]
[WhiteElo "1466"]
[BlackElo "1730"]
[PlyCount "137"]
[EventDate "2010.10.18"]
[EventType "swiss"]
[EventRounds "7"]
[EventCountry "DEN"]
[SourceTitle "EXT 2011"]
[Source "ChessBase"]
[SourceDate "2010.11.26"]
[SourceVersion "1"]
[SourceVersionDate "2010.11.26"]
[SourceQuality "1"]

1. e4 e5 2. Nf3 Nc6 3. c3 Nf6 4. d3 d5 5. Nbd2 dxe4 6. dxe4 Bc5 7. b4 Bb6 8. b5
Na5 9. Nxe5 O-O 10. Qc2 Re8 11. Ndf3 h6 12. Bd3 c5 13. bxc6 bxc6 14. O-O Qc7
15. Bb2 Rxe5 16. Nxe5 Qxe5 17. c4 Qe7 18. Qc3 Be6 19. Ba3 c5 20. e5 Nd7 21.
Rae1 Nc6 22. f4 Ba5 23. Qc2 Bxe1 24. Rxe1 Nd4 25. Qf2 Nf5 26. Rd1 Rb8 27. Be4
Nd4 28. Rxd4 Qe8 29. Rd1 Bxc4 30. Qc2 Bb5 31. Bb2 Nb6 32. Qxc5 Rc8 33. Qf2 Ba4
34. Rc1 Rd8 35. Qg3 Rd2 36. Bc3 Rd1+ 37. Rxd1 Bxd1 38. e6 g6 39. exf7+ Qxf7 40.
Bxg6 Qc7 41. Bf7+ Kf8 42. Qg7+ Ke7 43. Bf6+ Kd7 44. Be6+ Kd6 45. Qxc7+ Kxc7 46.
Be5+ Kd8 47. f5 Ke7 48. Kf2 Bc2 49. g4 Bd3 50. Bb3 Bc4 51. Kf3 Bxb3 52. axb3 a6
53. Bg7 Nd7 54. Bxh6 Ne5+ 55. Kf4 Nd3+ 56. Ke3 Nc5 57. b4 Na4 58. Kd4 Nb6 59.
Bg5+ Kd6 60. h4 Nd5 61. h5 Nxb4 62. h6 Nc6+ 63. Kc3 Ne5 64. Bf4 a5 65. Bxe5+
Kxe5 66. h7 Kf4 67. h8=Q Kxg4 68. f6 a4 69. f7 1-0

[Event "RN-2010-0-00328"]
[Site "Lechenicher SchachServer"]
[Date "2010.10.21"]
[Round "?"]
[White "Ventura, Bob"]
[Black "Menu, Vincent"]
[Result "1-0"]
[WhiteElo "616"]
[BlackElo "818"]
[PlyCount "71"]
[EventDate "2010.10.09"]

1. e4 e5 2. Nf3 Nc6 3. c3 Nf6 4. d3 Bc5 5. h3 d6 6. Be2 h6 7. O-O Be6 8. Nbd2
d5 9. b4 Bb6 10. Ba3 a6 11. Kh1 dxe4 12. Ne1 Bf5 13. dxe4 Nxe4 14. Nxe4 Bxe4
15. Nd3 Qg5 16. f3 Bg6 17. Bc1 Be3 18. Qe1 O-O-O 19. Nf2 Bxc1 20. Rxc1 Rhe8 21.
Ne4 Bxe4 22. fxe4 Rd6 23. Qf2 Rf6 24. Qg1 Rd8 25. b5 axb5 26. Rxf6 Qxf6 27. Rb1
Rd2 28. Bxb5 Rxa2 29. Rf1 Qg6 30. Bxc6 Qxc6 31. Rxf7 Qxc3 32. Rf8+ Kd7 33. Qd1+
Kc6 34. Qd5+ Kb6 35. Qxa2 Qc1+ 36. Kh2 1-0

[Event "NATO-ch 21st"]
[Site "Koge"]
[Date "2010.10.19"]
[Round "3"]
[White "Murray, Brian"]
[Black "Stuhr, Finn"]
[Result "1-0"]
[WhiteElo "1466"]
[BlackElo "1692"]
[PlyCount "57"]
[EventDate "2010.10.18"]
[EventType "swiss"]
[EventRounds "7"]
[EventCountry "DEN"]
[SourceTitle "EXT 2011"]
[Source "ChessBase"]
[SourceDate "2010.11.26"]
[SourceVersion "1"]
[SourceVersionDate "2010.11.26"]
[SourceQuality "1"]

1. e4 e5 2. Nf3 Nc6 3. c3 Nf6 4. d3 Bc5 5. b4 Bb6 6. b5 Ne7 7. Nxe5 d5 8. Nd2
a6 9. bxa6 Rxa6 10. d4 Ra8 11. Bd3 dxe4 12. Nxe4 Bxd4 13. cxd4 Nf5 14. Bb2 Nd5
15. O-O Nf4 16. Bc4 O-O 17. d5 Qh4 18. g3 Nh3+ 19. Kh1 Qxe4+ 20. f3 Qe3 21. Qc2
Nd6 22. Rae1 Qb6 23. Bd3 Rxa2 24. Bxh7+ Kh8 25. Ng6+ Kxh7 26. Nxf8+ Kh6 27.
Qh7+ Kg5 28. Qh4+ Kf5 29. Re5# 1-0

[Event "CHI-chT"]
[Site "Chile"]
[Date "2010.10.19"]
[Round "1"]
[White "Toro Benaderet, Cristian Danie"]
[Black "Larrain Cortes, Eugenio Esteban"]
[Result "1-0"]
[WhiteElo "1825"]
[BlackElo "2028"]
[PlyCount "59"]
[EventDate "2010.10.19"]
[EventType "team"]
[EventRounds "9"]
[EventCountry "CHI"]
[SourceTitle "EXT 2012"]
[Source "ChessBase"]
[SourceDate "2011.11.24"]
[SourceVersion "1"]
[SourceVersionDate "2011.11.24"]
[SourceQuality "1"]

1. e4 e5 2. Nf3 Nc6 3. c3 d5 4. Bb5 dxe4 5. Bxc6+ bxc6 6. Nxe5 Qd5 7. Qa4 Ne7
8. f4 a5 9. c4 Qe6 10. d4 f6 11. d5 Qd6 12. Nxc6 Bd7 13. Nc3 Nxc6 14. dxc6 Bxc6
15. Qc2 Qd4 16. Ne2 Qd7 17. Be3 Bb4+ 18. Kf2 O-O 19. Rad1 Qe7 20. c5 Rfe8 21.
a3 Bxc5 22. Qxc5 Qxc5 23. Bxc5 Rab8 24. Rd2 e3+ 25. Bxe3 Rb3 26. Nc3 Bxg2 27.
Rg1 Bh3 28. Rg3 Bf5 29. Nd5 c6 30. Nxf6+ 1-0

[Event "Howard Ridout Swiss U2000"]
[Site "Toronto CAN"]
[Date "2010.10.14"]
[Round "5"]
[White "Verde, Pino"]
[Black "Karmalkar, Vilas"]
[Result "0-1"]
[WhiteElo "1848"]
[BlackElo "1616"]
[PlyCount "44"]
[EventDate "2010.09.09"]
[EventRounds "6"]
[EventCountry "CAN"]
[SourceTitle "OM OTB B 201907"]
[Source "Opening Master"]
[SourceDate "2019.07.06"]
[SourceVersion "2"]
[SourceVersionDate "2019.07.06"]
[SourceQuality "1"]

1. e4 e5 2. Nf3 Nc6 3. c3 Nf6 4. Qa4 Be7 5. Bc4 O-O 6. Ng5 a6 7. d3 Rb8 8. Qd1
d5 9. exd5 Nxd5 10. h4 h6 11. Qf3 Nf6 12. Ne4 b5 13. Bb3 Be6 14. Bxe6 fxe6 15.
Nxf6+ Rxf6 16. Qxc6 Qxd3 17. Rh3 Qc2 18. Nd2 Rbf8 19. Ne4 Rxf2 20. Qxe6+ Kh8
21. Nxf2 Qxf2+ 22. Kd1 Rd8+ 0-1

[Event "RA-2010-0-00107"]
[Site "Lechenicher SchachServer"]
[Date "2010.10.14"]
[Round "?"]
[White "Kroes, Friso"]
[Black "Slamenik, Jan"]
[Result "1-0"]
[WhiteElo "2049"]
[BlackElo "800"]
[PlyCount "29"]
[EventDate "2010.09.11"]

1. e4 e5 2. Nf3 Nc6 3. c3 d5 4. Qa4 f6 5. d3 Be6 6. Be2 Kf7 7. O-O Nge7 8. Nbd2
Qd7 9. Qc2 a5 10. Rd1 d4 11. Nb3 b6 12. a4 g5 13. Bd2 Bg7 14. Re1 Rhe8 15. h3
1-0

[Event "FICGS__CHESS__RAPID_E__000036"]
[Site "FICGS"]
[Date "2010.10.10"]
[Round "1"]
[White "Melquiades, Jay"]
[Black "Quanter, Kirsty"]
[Result "0-1"]
[WhiteElo "946"]
[BlackElo "1111"]
[PlyCount "82"]
[EventDate "2010.??.??"]
[EventType "rapid"]

1. e4 e5 2. Nf3 Nc6 3. c3 a6 4. d4 f6 5. d5 Na7 6. Be2 d6 7. Nbd2 b5 8. a4 Bg4
9. h3 Bxf3 10. Nxf3 Qd7 11. axb5 axb5 12. Be3 c5 13. Nh4 g5 14. Nf5 Nh6 15. Bg4
Nxg4 16. hxg4 Rb8 17. c4 bxc4 18. b4 Rxb4 19. Nh6 Nb5 20. Qf3 Nd4 21. Ra8+ Ke7
22. Bxd4 Rb1+ 23. Ke2 Rxh1 24. Nf5+ Kf7 25. Ng3 Rb1 26. Bxc5 dxc5 27. Ra6 Rb3
28. Qf5 Qxf5 29. Nxf5 h5 30. d6 h4 31. d7 Be7 32. Nd6+ Ke6 33. Nxc4+ Kxd7 34.
Ra7+ Ke6 35. Ra6+ Kf7 36. Nd6+ Kg6 37. Nf5 Bf8 38. Ne3 h3 39. Nd5 h2 40. Rxf6+
Kg7 41. Ra6 h1=Q 0-1

[Event "Budapest FS10 FM-B"]
[Site "Budapest"]
[Date "2010.10.09"]
[Round "8"]
[White "Hetesi, Zoltan"]
[Black "Vujosevics, Eszter"]
[Result "1-0"]
[WhiteElo "1540"]
[BlackElo "1367"]
[PlyCount "43"]
[EventDate "2010.10.02"]
[EventType "tourn"]
[EventRounds "11"]
[EventCountry "HUN"]
[SourceTitle "CBM 138 Extra"]
[Source "ChessBase"]
[SourceDate "2010.10.29"]
[SourceVersion "1"]
[SourceVersionDate "2010.10.29"]
[SourceQuality "1"]

1. e4 e5 2. Nf3 Nc6 3. c3 Nf6 4. d4 exd4 5. e5 Nd5 6. cxd4 f6 7. Bc4 Nb6 8. Bb3
fxe5 9. d5 Na5 10. Nxe5 Qe7 11. O-O Nxb3 12. axb3 Qf6 13. Re1 Be7 14. Nf3 O-O
15. Bg5 Qxb2 16. Bxe7 Qxa1 17. Bxf8 Kxf8 18. Qe2 Kf7 19. Qe8+ Kf6 20. Qe7+ Kf5
21. Re5+ Kf4 22. Qg5# 1-0

[Event "Roncana op 4th"]
[Site "Santa Eulalia de Roncana"]
[Date "2010.10.09"]
[Round "2"]
[White "Mostazo Torrubia, Rafael"]
[Black "Lopez Pajuelo, Aleix"]
[Result "0-1"]
[WhiteElo "1556"]
[BlackElo "1706"]
[PlyCount "62"]
[EventDate "2010.10.02"]
[EventType "swiss"]
[EventRounds "9"]
[EventCountry "ESP"]
[SourceTitle "EXT 2012"]
[Source "ChessBase"]
[SourceDate "2011.11.24"]
[SourceVersion "1"]
[SourceVersionDate "2011.11.24"]
[SourceQuality "1"]

1. e4 e5 2. Nf3 Nc6 3. c3 Nf6 4. Qc2 Bc5 5. h3 d6 6. a4 Be6 7. b4 Bxb4 8. cxb4
Nxb4 9. Qb2 a5 10. Nc3 O-O 11. Be2 Nh5 12. d3 Qf6 13. Ng5 h6 14. Nxe6 fxe6 15.
O-O Nf4 16. Bxf4 exf4 17. Qd2 Qg6 18. Qd1 Rad8 19. Bf3 d5 20. Re1 Rd7 21. Re2
dxe4 22. Bxe4 Qg5 23. Rd2 f3 24. g3 Nd5 25. Bxd5 exd5 26. Qc2 Qf5 27. Kh2 Qe6
28. Rf1 Rf5 29. Qd1 Rh5 30. Qxf3 Qxh3+ 31. Kg1 Qh2# 0-1

[Event "SWE-chT 1011"]
[Site "Sweden"]
[Date "2010.10.08"]
[Round "1.8"]
[White "Andersson, Johan"]
[Black "Wieweg, Johnny"]
[Result "1/2-1/2"]
[WhiteElo "2117"]
[BlackElo "2236"]
[PlyCount "85"]
[EventDate "2010.10.08"]
[EventType "team-tourn"]
[EventRounds "11"]
[EventCountry "SWE"]
[SourceTitle "CBM 138 Extra"]
[Source "ChessBase"]
[SourceDate "2010.10.29"]
[SourceVersion "1"]
[SourceVersionDate "2010.10.29"]
[SourceQuality "1"]
[WhiteTeam "Eksjo"]
[BlackTeam "Farsta"]
[WhiteTeamCountry "SWE"]
[BlackTeamCountry "SWE"]

1. e4 e5 2. Nf3 Nc6 3. c3 f5 4. exf5 e4 5. Nd4 Nxd4 6. Qh5+ Ke7 7. cxd4 Nf6 8.
Qh4 Qe8 9. g4 Kd8 10. Be2 d5 11. Nc3 c6 12. O-O Be7 13. Qg3 h5 14. h3 hxg4 15.
hxg4 g6 16. g5 gxf5 17. gxf6 Bb4 18. d3 Be6 19. Bg5 Kd7 20. f4 exf3 21. Bxf3
Qg6 22. Kf2 Rag8 23. Rg1 Bd6 24. Bf4 Qxg3+ 25. Bxg3 f4 26. Bxf4 Bxf4 27. Rxg8
Rxg8 28. Ne2 Bg5 29. Rg1 Bh4+ 30. Ke3 Bg5+ 31. Kf2 Bxf6 32. Rxg8 Bxg8 33. Bg4+
Kd6 34. Bc8 b6 35. Bf5 Bf7 36. Ke1 Bh5 37. Kd2 a5 38. Nf4 Bf7 39. Ne2 Be8 40.
Kc2 Bf7 41. Bg4 Bg6 42. b3 Bg5 43. Kc3 1/2-1/2

[Event "Tatry op"]
[Site "Tatranske Zruby"]
[Date "2010.10.05"]
[Round "5"]
[White "Jelen, Peter"]
[Black "Pacher, Milan"]
[Result "0-1"]
[WhiteElo "2172"]
[BlackElo "2449"]
[PlyCount "58"]
[EventDate "2010.10.02"]
[EventType "swiss"]
[EventRounds "9"]
[EventCountry "SVK"]
[SourceTitle "CBM 138 Extra"]
[Source "ChessBase"]
[SourceDate "2010.10.29"]
[SourceVersion "1"]
[SourceVersionDate "2010.10.29"]
[SourceQuality "1"]

1. e4 e5 2. Nf3 Nc6 3. c3 Nf6 4. d4 Nxe4 5. d5 Ne7 6. Nxe5 Ng6 7. Nxg6 hxg6 8.
Bd3 Nf6 9. O-O Bc5 10. b4 Bb6 11. d6 cxd6 12. Re1+ Kf8 13. Bf4 d5 14. Bd6+ Kg8
15. h3 Kh7 16. Be7 Qc7 17. Bxf6 gxf6 18. Re7 Kg7 19. Bxg6 Qd6 20. Qe2 Bd8 21.
Re8 Bc7 22. g3 Rxe8 23. Qxe8 fxg6 24. Qe2 Qe6 25. Qf1 Be5 26. Qd3 Qxh3 27. Nd2
b6 28. Nf3 Bb7 29. Qe3 Rh8 0-1

[Event "October TNT"]
[Site "Winnipeg CAN"]
[Date "2010.10.05"]
[Round "1"]
[White "Afolabi, Damola"]
[Black "Swift, Ryne"]
[Result "0-1"]
[WhiteElo "1363"]
[BlackElo "1822"]
[PlyCount "78"]
[EventDate "2010.10.05"]
[EventRounds "4"]
[EventCountry "CAN"]
[SourceTitle "OM OTB B 201907"]
[Source "Opening Master"]
[SourceDate "2019.07.06"]
[SourceVersion "2"]
[SourceVersionDate "2019.07.06"]
[SourceQuality "1"]

1. e4 e5 2. Nf3 Nc6 3. c3 Nf6 4. d3 Be7 5. Be2 O-O 6. O-O d6 7. Qc2 Bg4 8. b3
Qd7 9. Bb2 Rad8 10. Nbd2 Ne8 11. d4 exd4 12. cxd4 d5 13. Bb5 dxe4 14. Ne5 Nxd4
15. Qxe4 Qxb5 16. Bxd4 Nf6 17. Qf4 Be6 18. Rac1 Nd5 19. Qg3 c5 20. Nc6 cxd4 21.
Nxd8 Rxd8 22. Nf3 Qb6 23. Kh1 Nb4 24. Ng5 Bf5 25. Rfe1 Nd3 26. Rxe7 Nxc1 27.
Rxf7 Bg6 28. Re7 Qd6 29. Qxd6 Rxd6 30. Rxb7 Rd8 31. Rxa7 d3 32. Nf3 d2 33. Nxd2
Rxd2 34. h3 Rxa2 35. Rb7 Rxf2 36. b4 Be4 37. Rb8+ Kf7 38. b5 Re2 39. b6 Bxg2+
0-1

[Event "FICS rated standard game"]
[Site "FICS freechess.org"]
[Date "2010.10.04"]
[Round "?"]
[White "crysix"]
[Black "diegodon"]
[Result "1-0"]
[WhiteElo "2088"]
[BlackElo "2058"]
[PlyCount "39"]
[EventDate "2010.??.??"]
[SourceTitle "OM Portal C 201906"]
[Source "Opening Master"]
[SourceDate "2019.06.27"]
[SourceVersion "1"]
[SourceVersionDate "2019.06.27"]
[SourceQuality "1"]

1. e4 e5 2. Nf3 Nc6 3. c3 d5 4. Qa4 Qd6 5. Bb5 Bd7 6. exd5 Qxd5 7. O-O O-O-O 8.
d3 a6 9. Bc4 Qd6 10. Bxf7 Nf6 11. Re1 Be7 12. Qc4 Bg4 13. Nbd2 Rhf8 14. d4 e4
15. Ng5 Na5 16. Qa4 h6 17. Qxa5 hxg5 18. Nc4 Qc6 19. Ne5 Qd6 20. Bxg5 1-0

[Event "SRB-chT"]
[Site "Belgrade"]
[Date "2010.10.02"]
[Round "2"]
[White "Asik, Josip"]
[Black "Sarenac, Ivan"]
[Result "0-1"]
[WhiteElo "2339"]
[BlackElo "2358"]
[PlyCount "50"]
[EventDate "2010.10.01"]
[EventType "team-tourn"]
[EventRounds "11"]
[EventCountry "YUG"]
[SourceTitle "CBM 138 Extra"]
[Source "ChessBase"]
[SourceDate "2010.10.29"]
[SourceVersion "1"]
[SourceVersionDate "2010.10.29"]
[SourceQuality "1"]

1. e4 e5 2. Nf3 Nc6 3. c3 d5 4. Qa4 dxe4 5. Nxe5 Qd5 6. Bb5 Qxe5 7. Bxc6+ bxc6
8. Qxc6+ Kd8 9. Qxa8 Bc5 10. b4 Bb6 11. Na3 Nf6 12. Nc4 Qb5 13. Nxb6 axb6 14.
c4 Qxc4 15. Bb2 Nd5 16. Rc1 Qd3 17. Qa3 Nf4 18. Kd1 Bg4+ 19. f3 Qxa3 20. Bxa3
exf3 21. g3 Nd3 22. Rc4 Nf2+ 23. Ke1 Nxh1 24. Rxg4 Re8+ 25. Kf1 f2 0-1

[Event "Khanty-Mansiysk ol (Women) 39th"]
[Site "Khanty-Mansiysk"]
[Date "2010.10.01"]
[Round "10.20"]
[White "Fransson, Angelina"]
[Black "Orejuela Chango, Paulina"]
[Result "0-1"]
[WhiteElo "1910"]
[BlackElo "2037"]
[PlyCount "122"]
[EventDate "2010.09.21"]
[EventType "team-swiss"]
[EventRounds "11"]
[EventCountry "RUS"]
[SourceTitle "CBM 139"]
[Source "ChessBase"]
[SourceDate "2010.11.18"]
[SourceVersion "1"]
[SourceVersionDate "2010.11.18"]
[SourceQuality "1"]
[WhiteTeam "Sweden (W)"]
[BlackTeam "Ecuador (W)"]
[WhiteTeamCountry "SWE"]
[BlackTeamCountry "ECU"]

1. e4 e5 2. Nf3 Nc6 3. c3 Nf6 4. d4 Nxe4 5. d5 Ne7 6. Nxe5 Ng6 7. Qd4 Qf6 8.
Qxe4 Qxe5 9. Bd3 Bc5 10. O-O O-O 11. Qc4 d6 12. b4 Bb6 13. Nd2 Bd7 14. Nf3 Qh5
15. a4 a5 16. Qb3 Bg4 17. Ng5 h6 18. Ne4 Ne5 19. Ng3 Qh4 20. Qc2 Bd7 21. Bf5
Bxf5 22. Nxf5 Qf6 23. Be3 Nd7 24. Bd2 Rfe8 25. Qd3 Ne5 26. Qh3 Nc4 27. Bxh6
gxh6 28. Nxh6+ Kf8 29. Rad1 Ne5 30. Rde1 Ke7 31. bxa5 Rxa5 32. Nf5+ Kd8 33. Nd4
Rxd5 34. f4 Nd7 35. Rxe8+ Kxe8 36. Re1+ Kd8 37. Qh7 Bxd4+ 38. cxd4 c6 39. Rd1
Rxd4 40. Rb1 Kc7 41. Qc2 Rxf4 42. Qb3 Qd4+ 43. Kh1 Nc5 44. Qb6+ Kd7 45. a5 Qd3
46. Kg1 Qe3+ 47. Kh1 Qe2 48. h3 Rf1+ 49. Rxf1 Qxf1+ 50. Kh2 Qb5 51. Qa7 Qa6 52.
Qb8 Qxa5 53. Qg8 Qa2 54. h4 Qe6 55. Qh7 d5 56. Qg7 Nd3 57. g3 Qe2+ 58. Kh3 Qf3
59. Kh2 Nf2 60. Kg1 Ne4 61. Kh2 Qxg3+ 0-1

[Event "CP-2010-P-00011"]
[Site "LSS email"]
[Date "2010.09.28"]
[Round "?"]
[White "Topot, Iwan"]
[Black "Kireev, Sergey Ivanovich"]
[Result "0-1"]
[WhiteElo "1693"]
[BlackElo "2298"]
[PlyCount "38"]
[EventDate "2010.10.01"]
[EventType "tourn (corr)"]
[EventRounds "6"]
[SourceTitle "OM Corr 202003"]
[Source "Opening Master"]
[SourceDate "2019.05.30"]
[SourceVersion "2"]
[SourceVersionDate "2019.05.30"]
[SourceQuality "1"]

1. e4 e5 2. Nf3 Nc6 3. c3 d5 4. Qa4 f6 5. exd5 Qxd5 6. Bb5 Nge7 7. O-O e4 8. c4
Qd6 9. c5 Qxc5 10. d4 Qf5 11. Nh4 Qh5 12. Nc3 Bd7 13. Re1 O-O-O 14. Rxe4 f5 15.
Be2 Qf7 16. Re3 Kb8 17. Nf3 h6 18. Bd2 f4 19. Nb5 fxe3 0-1

[Event "CP-2010-P-00065"]
[Site "Lechenicher SchachServer"]
[Date "2010.09.28"]
[Round "?"]
[White "Tobey, Al"]
[Black "Czekala, Franciszek"]
[Result "0-1"]
[WhiteElo "552"]
[BlackElo "1677"]
[PlyCount "26"]
[EventDate "2010.10.01"]

1. e4 e5 2. Nf3 Nc6 3. c3 f5 4. d3 Be7 5. Be2 Nf6 6. O-O fxe4 7. dxe4 Nxe4 8.
Re1 d5 9. Bb5 O-O 10. Nbd2 Nxf2 11. Kxf2 Bc5+ 12. Kf1 Qh4 13. g3 Qxh2 0-1

[Event "CP-2010-P-00033"]
[Site "Lechenicher SchachServer"]
[Date "2010.09.28"]
[Round "?"]
[White "Laine, Jari"]
[Black "Feng, Jason"]
[Result "1-0"]
[WhiteElo "1582"]
[BlackElo "822"]
[PlyCount "53"]
[EventDate "2010.10.01"]

1. e4 e5 2. Nf3 Nc6 3. c3 d5 4. Qa4 dxe4 5. Nxe5 Bd7 6. Nxd7 Qxd7 7. Qxe4+ Qe7
8. Qxe7+ Bxe7 9. d4 Nf6 10. Bc4 O-O 11. Nd2 Rae8 12. O-O Bd6 13. Rd1 Ng4 14.
Nf1 Nf6 15. Ng3 Bxg3 16. fxg3 Ng4 17. Rf1 Ne3 18. Bxe3 Rxe3 19. Rae1 Rxe1 20.
Rxe1 g6 21. d5 Na5 22. Be2 b6 23. Ba6 Rb8 24. Re7 Nb7 25. Bxb7 Rxb7 26. d6 Kf8
27. dxc7 1-0

[Event "BEL-chT 1011"]
[Site "Belgium"]
[Date "2010.09.26"]
[Round "1.5"]
[White "Broekmeulen, Jasper"]
[Black "Nieto, Emanuel"]
[Result "0-1"]
[WhiteElo "2371"]
[BlackElo "2345"]
[PlyCount "50"]
[EventDate "2010.09.26"]
[EventType "team-tourn"]
[EventRounds "11"]
[EventCountry "BEL"]
[SourceTitle "EXT 2012"]
[Source "ChessBase"]
[SourceDate "2011.11.24"]
[SourceVersion "1"]
[SourceVersionDate "2011.11.24"]
[SourceQuality "1"]
[WhiteTeam "Amay"]
[BlackTeam "Borgerhout"]
[WhiteTeamCountry "BEL"]
[BlackTeamCountry "BEL"]

1. e4 e5 2. Nf3 Nc6 3. c3 Nf6 4. d4 Nxe4 5. d5 Bc5 6. dxc6 Bxf2+ 7. Ke2 Bb6 8.
Qd5 Nf2 9. cxb7 Bxb7 10. Qxb7 Nxh1 11. Bg5 f6 12. Be3 Rb8 13. Qa6 Bxe3 14. Kxe3
e4 15. Nbd2 exf3 16. Kxf3 O-O 17. Bc4+ Kh8 18. Qa3 f5 19. Rxh1 Qg5 20. Re1 Qxd2
21. Qe7 Qxb2 22. Bf7 Qxc3+ 23. Re3 Qc6+ 24. Kf4 Qxg2 25. Be8 Qg4+ 0-1

[Event "FICS rated standard game"]
[Site "FICS freechess.org"]
[Date "2010.09.22"]
[Round "?"]
[White "Rookie"]
[Black "TogaRouter"]
[Result "0-1"]
[WhiteElo "2022"]
[BlackElo "2291"]
[PlyCount "128"]
[EventDate "2010.??.??"]
[SourceTitle "OM Portal C 201906"]
[Source "Opening Master"]
[SourceDate "2019.06.27"]
[SourceVersion "1"]
[SourceVersionDate "2019.06.27"]
[SourceQuality "1"]

1. e4 e5 2. Nf3 Nc6 3. c3 Nf6 4. d4 d5 5. Nxe5 Nxe5 6. dxe5 Nxe4 7. Be3 Bc5 8.
Bxc5 Nxc5 9. b4 Ne6 10. Bd3 O-O 11. O-O Nf4 12. g3 Nxd3 13. Qxd3 a5 14. Re1 Be6
15. Nd2 axb4 16. cxb4 Qe7 17. a3 b6 18. b5 Ra4 19. Nf3 Rfa8 20. Re3 Qc5 21. Ng5
g6 22. h4 Bf5 23. Qc3 Rc4 24. Qb2 Rc2 25. Qb3 h6 26. Nf3 d4 27. Ree1 Rc3 28.
Qd1 Bg4 29. Qxd4 Bxf3 30. Qxc5 Rxc5 31. a4 g5 32. Kh2 g4 33. Ra3 Rd8 34. Rae3
Rd2 35. Kg1 Bd5 36. h5 Rcc2 37. Rf1 Bc4 38. e6 fxe6 39. Ree1 Bxf1 40. Rxf1 Ra2
41. Rc1 Rxf2 42. Rxc7 Rg2+ 43. Kh1 Rxg3 44. Rc6 Rb3 45. Rc8+ Kf7 46. Rc1 Rxa4
47. Rc2 Rxb5 48. Kg1 Rxh5 49. Kg2 Rf5 50. Kg1 h5 51. Kg2 h4 52. Kh2 b5 53. Kg2
g3 54. Rc7+ Kg6 55. Kh3 Rf2 56. Rg7+ Kf5 57. Rg5+ Kf4 58. Rg4+ Ke3 59. Rb4 Kf3
60. Kxh4 Rxb4+ 61. Kg5 Ke2 62. Kh6 g2 63. Kh5 g1=Q 64. Kh6 Rh2# 0-1

[Event "SRB-chT 1st League"]
[Site "Valjevo"]
[Date "2010.09.21"]
[Round "5"]
[White "Brankovic, Dejan"]
[Black "Adzic, Momcilo"]
[Result "1/2-1/2"]
[WhiteElo "2352"]
[BlackElo "2269"]
[PlyCount "24"]
[EventDate "2010.09.18"]
[EventType "team"]
[EventRounds "11"]
[EventCountry "SRB"]
[SourceTitle "CBM 138 Extra"]
[Source "ChessBase"]
[SourceDate "2010.10.29"]
[SourceVersion "1"]
[SourceVersionDate "2010.10.29"]
[SourceQuality "1"]

1. e4 e5 2. Nf3 Nc6 3. c3 Nf6 4. d4 Nxe4 5. d5 Nb8 6. Qe2 Nf6 7. Nxe5 Be7 8. d6
cxd6 9. Nf3 O-O 10. Be3 Nc6 11. Na3 d5 12. Nb5 Re8 1/2-1/2

[Event "19. LSS No Engine Cup Final"]
[Site "Lechenicher SchachServer"]
[Date "2010.09.20"]
[Round "?"]
[White "Ottenweller, Wolfgang"]
[Black "Stadler, Pavel"]
[Result "0-1"]
[WhiteElo "1514"]
[BlackElo "1292"]
[PlyCount "24"]
[EventDate "2010.09.21"]

1. e4 e5 2. Nf3 Nc6 3. c3 Nf6 4. d4 Nxe4 5. d5 Ne7 6. Nxe5 Ng6 7. Nxg6 hxg6 8.
Nd2 Nxd2 9. Bxd2 Bc5 10. Bd3 d6 11. b4 Bb6 12. Qf3 O-O 0-1

[Event "Budapesti csapatbajnokság 2010-11"]
[Site "Budapest"]
[Date "2010.09.19"]
[Round "1"]
[White "Pal, Mihaly"]
[Black "Mogyorosi, Ferenc"]
[Result "0-1"]
[WhiteElo "2058"]
[BlackElo "2091"]
[PlyCount "70"]
[EventDate "2010.09.19"]
[EventType "tourn"]
[EventRounds "11"]
[EventCountry "HUN"]
[SourceTitle "OM OTB B 201907"]
[Source "Opening Master"]
[SourceDate "2019.07.06"]
[SourceVersion "2"]
[SourceVersionDate "2019.07.06"]
[SourceQuality "1"]

1. e4 e5 2. Nf3 Nc6 3. c3 d5 4. Qa4 Bd7 5. exd5 Nd4 6. Qd1 Nxf3+ 7. Qxf3 Nf6 8.
Bc4 Bd6 9. O-O e4 10. Qe2 O-O 11. d4 exd3 12. Qxd3 Ng4 13. g3 Ne5 14. Qe2 Bh3
15. Bb3 Bxf1 16. Kxf1 Qd7 17. Kg2 Rae8 18. Qh5 Nd3 19. Be3 f5 20. Qd1 f4 21.
Qxd3 fxe3 22. fxe3 Qf7 23. Bc2 Qf2+ 24. Kh3 Qf1+ 25. Qxf1 Rxf1 26. e4 Ref8 27.
Bd3 Rd1 28. Bc4 Re1 29. Kg2 g6 30. a4 a5 31. b4 axb4 32. e5 Bxe5 33. d6+ Kg7
34. d7 bxc3 35. Ra2 Rxb1 0-1